That Night

保存先:
書誌詳細
第一著者: McDermott´s, Alice
フォーマット: 図書
言語:Undetermined
出版事項: New York, Estados Unidos Harper & Row Publishers 1988
主題:
タグ: タグ追加
タグなし, このレコードへの初めてのタグを付けませんか!

MARC

LEADER 00000nam a2200000Ia 4500
008 170316s9999 xx 000 0 und d
040 |a cru BVZT 
090 |a 810 M-25.1t 
100 |a McDermott´s, Alice 
245 |a That Night 
260 |a New York, Estados Unidos 
260 |b Harper & Row Publishers 
260 |c 1988 
300 |a 184 páginas 
650 |a LITERATURA ESTADOUNIDENSE 
999 |c 5899  |d 5899 
942 |c 15 D  |h 810 M-25.1t  |2 z